Formule 1 - Origines des pilotes de 2021 - Statistiques

Statistiques générales
  • Ce quiz a été pris 104 fois
    90 depuis la dernière actualisation
  • Le résultat moyen est 20 sur 21
Statistiques - réponses
Pilotes Origines % Correct
Fernando Alonso Espagne
100%
Pierre Gasly France
100%
Antonio Giovinazzi Italie
100%
Lewis Hamilton Royaume-Uni
100%
Mick Schumacher Allemagne
99%
Daniel Ricciardo Australie
99%
Carlos Sainz Espagne
99%
Esteban Ocon France
99%
Yuki Tsunoda Japon
99%
Sergio Pérez Mexique
99%
Charles Leclerc Monaco
99%
Max Verstappen Pays-Bas
99%
Lando Norris Royaume-Uni
99%
George Russell Royaume-Uni
99%
Sebastien Vettel Allemagne
98%
Lance Stroll Canada
98%
Valtteri Bottas Finlande
96%
Kimi Raikkonen Finlande
89%
Nikita Mazepin Russie
86%
Nicholas Lafiti Canada
81%
Robert Kubica Pologne
74%
Aucun quiz correspondant
Distribution des résultats
% des personnes avec chaque résultat
Percentile par nombre de réponses
Votre historique - résultats
Vous n’avez pas pris ce quiz depuis la dernière actualisation